000 00531nam a2200169 i 4500
001 30212
003 ES-MaACL
005 20230906154145.0
007 t|
008 030124s1970 sp ||||1| spa d
100 1 _aBarranco Jiménez, Martín.
_925846
245 1 3 _aLa función renal en las hepatopatías difusas /
_cpor Martín Barranco Jiménez.
260 _aSevilla :
_bUniversidad de Sevilla,
_c1970.
300 _a61 p. :
_bil. ;
_c24 cm.
710 2 _aUniversidad de Sevilla.
_97301
852 _aES-MaACL
_jC-44138
_bR.75759
999 _c30212
_d30212